=LDR 00000nam 2200000 4500 =001 000612 =005 20250711111048 =035 ##$$a 0010-0725000480 =007 ta =008 250711################a##########0#ind## =020 ##$$a 978-623-472-396-0 =082 ##$$a 398.209 598 =084 ##$$a 398.209 598 SHA k =100 #$$a Sharma Anika =245 1#$$a Kepiting Yang Egois dan Ikan Yang Suka Menolong /$c Anika Sharma =250 ##$$a Cetakan Pertama 2024 =260 ##$$a Jakarta :$b Badan Pengembangan dan Pembinaan Bahasa,$c 2022 =300 ##$$a 12 hlm : $b Ilus. ; $c 22,9 cm =650 #4$$a Cerita Anak Indonesia - Terjemahan =650 #4$$a Literasi- Bahan Bacaan =990 ##$$a TBM03760376